000 01210nam a2200301 a 4500
001 BRCA_8300
005 20190320210222.0
008 180614s184-----gw-a###f##---#001-0#eng-#
041 _aeng
044 _agw
050 4 _aN2280
_b.P39 2 1844
245 1 0 _aPayne´s Royal Dresden Gallery
_bbeing a selection of subjects Engraved after Pictures, by the great Masters.
_cedited and published for the proprietors A. H. Payne and W. French.
260 _aDresden, Alemania
_bA. H. Payne & W. French
_c[184-?]
300 _a164 p.
_bil., 63 láminas
_c28 cm.
440 0 _aPayne´s Royal Dresden Gallery
_v1
_920723
500 _aEdición con cantos dorados.
500 _aEjemplar igual a CEF60
500 _aS116
505 0 _aBerchem, Canaletto, Caravaggio, Guido Reni, Raphael, Rembrandt, Rubens, Teniers, Vandyke, etc., etc. with accompanying notices consisting of tales, biographies, etc.
610 2 4 _aPayne´s Royal Dresden Gallery
_zAlemania
_95056
650 1 4 _aPinturas
_vGrandes maestros
_95057
650 1 4 _aGrabados
_95058
650 1 4 _aGalerías y museos
_zAlemania
_95059
700 1 _aPayne, Albert Henry
_eed.
_920724
700 1 _aFrench, W.
_eed.
_920725
902 _aGFM
942 _2lcc
_cB
999 _c7968
_d7968